000 00823 a2200229 4500
001 29439
005 20260407155604.0
008 260407a1995 arg spa d
003 AR-UNSa-BCEJYS
040 _aAR-UNSa-BCEJYS
_bspa
_cAR-UNSa-BCEJYS
080 _a336.225
_xMétodo de tributación y administración de impuestos
245 1 0 _aSujetos pasivos, liquidaciones de impuestos prescripción
020 _a950-811-024-4
264 1 _aBuenos Aires :
_bEdiciones Nueva Técnica
_c1995
300 _a88 p.
_c28 cm.
505 _a1. Sujeto pasivo de la obligación tributaria - 2. Liquidación y percepción de impuesto - 3. Domicilio y términos - 4. Prescripción
041 _aspa
942 _cBK
590 _aniveau_biblio:m niveau_hierar:0
100 1 _aRofrano, Omar Angel
700 1 _aGomez, Oscar Daniel
999 _c1864
_d1864